| 000 | 00388cam a2200145ua 4500 | ||
|---|---|---|---|
| 041 |
_aeng _h |
||
| 100 | _aRao, Seshagiri M.V; . | ||
| 245 |
_aEngineering mechanics / _cM.V Seshagiri Rao. _hTextual Documents |
||
| 260 |
_aHyderabad : _bUniversities press India Pvt Ltd , _c2005. |
||
| 300 | _a ; . | ||
| 504 | _a | ||
| 700 | 1 | _aDurgaiah, Rama D . | |
| 942 | _cBK | ||
| 999 |
_c12981 _d12981 |
||